[Event "European Rapid 2017"]
[Site "Katowice POL"]
[Date "2017.12.16"]
[Round "3.12"]
[White "Sroczynski, Maciej"]
[Black "Bartel, Mateusz"]
[Result "0-1"]
[WhiteTitle "FM"]
[BlackTitle "GM"]
[WhiteElo "2309"]
[BlackElo "2609"]
[WhiteFideId "1121472"]
[BlackFideId "1112635"]
[EventDate "2017.12.16"]

1. d4 e6 2. c4 b6 3. Nf3 Bb7 4. g3 Bb4+ 5. Nbd2 Nf6 6. Bg2 O-O 7. O-O d5 8. Ne5
Nbd7 9. Qa4 Bxd2 10. Bxd2 Nxe5 11. dxe5 Nd7 12. Bc3 Nc5 13. Qc2 dxc4 14. Rfd1
Qc8 15. Bb4 Bxg2 16. Bxc5 bxc5 17. Kxg2 Qb7+ 18. Kg1 Rfd8 19. Qxc4 Qxb2 20. Qxc5
h6 21. Qxc7 Rdc8 22. Qa5 Qxe2 23. Rd2 Qf3 24. Rad1 Rc2 25. a4 Rac8 26. Qb4 Rc1
27. Qd4 R8c2 28. Qd8+ Kh7 29. Qd3+ Qxd3 30. Rxd3 Kg6 31. Kg2 Rxd1 32. Rxd1 Rc4
33. a5 Ra4 34. Rd7 Rxa5 35. g4 f6 36. exf6 Kxf6 37. Kg3 Ra1 38. h4 a5 39. Kf4
g5+ 40. hxg5+ hxg5+ 41. Ke4 Ra4+ 42. Kf3 Rf4+ 43. Kg3 Rc4 44. Ra7 Rc5 45. Kf3
Ke5 46. Ke3 Rc3+ 47. Ke2 Ra3 48. f3 a4 49. Ra8 Kf4 50. Rf8+ Kg3 51. Rg8 Ra1 52.
Rxg5 a3 53. Ra5 a2 54. Kd2 Rh1 0-1

[Event "European Rapid 2017"]
[Site "Katowice POL"]
[Date "2017.12.16"]
[Round "3.13"]
[White "Fridman, Daniel"]
[Black "Fistek, Dariusz"]
[Result "1-0"]
[WhiteTitle "GM"]
[WhiteElo "2633"]
[BlackElo "2218"]
[WhiteFideId "11600454"]
[BlackFideId "1132210"]
[EventDate "2017.12.16"]

1. d4 Nf6 2. Nf3 g6 3. g3 Bg7 4. Bg2 O-O 5. O-O d6 6. b3 e5 7. dxe5 Ng4 8. Bg5
Qe8 9. Nc3 Nxe5 10. Nd5 Na6 11. Nf6+ Bxf6 12. Bxf6 Qe6 13. Bg5 Nxf3+ 14. exf3
Bd7 15. Re1 Qf5 16. Bh6 Rfe8 17. Qd4 f6 18. g4 Qa5 19. b4 Qxb4 20. Qd5+ 1-0

[Event "European Rapid 2017"]
[Site "Katowice POL"]
[Date "2017.12.16"]
[Round "3.14"]
[White "Lach, Aleksandra"]
[Black "Georgiev, Kiril"]
[Result "1/2-1/2"]
[WhiteTitle "WIM"]
[BlackTitle "GM"]
[WhiteElo "2209"]
[BlackElo "2623"]
[WhiteFideId "1134299"]
[BlackFideId "2900017"]
[EventDate "2017.12.16"]

1. e4 e5 2. Nf3 Nc6 3. Bc4 Bc5 4. O-O d6 5. c3 Qf6 6. b4 Bb6 7. a4 a6 8. d3 Nge7
9. Bg5 Qg6 10. Nbd2 h6 11. Be3 Bh3 12. Nh4 Qg4 13. Qxg4 Bxg4 14. Bxb6 cxb6 15.
f3 Be6 16. g4 d5 17. exd5 Nxd5 18. Bxd5 Bxd5 19. Nf5 g6 20. Ne3 O-O-O 21. Rad1
Kc7 22. f4 exf4 23. Rxf4 Be6 24. d4 Ne7 25. c4 f5 26. gxf5 Nxf5 27. Nxf5 Bxf5
28. d5 Rhe8 29. Rf2 Re3 30. Rc1 Rde8 31. c5 bxc5 32. bxc5 Re1+ 33. Rf1 Rxf1+ 34.
Nxf1 Re5 35. Rd1 Bg4 36. Rd4 Bf3 37. d6+ Kd7 38. Nd2 Bc6 39. Nb3 g5 40. h4 Bd5
41. Na5 Bf3 42. Nb3 gxh4 43. Rxh4 Bd1 44. Rb4 Bf3 45. Rf4 Bd5 46. Na5 h5 47. Kf2
Rg5 48. Rb4 Rf5+ 49. Kg3 Kc8 50. d7+ Kxd7 51. Nxb7 Kc7 52. Nd6 Re5 53. Rb6 Bc6
54. Rxa6 Rxc5 55. Nb5+ Kb7 56. Ra7+ Kb6 57. Rh7 Ka5 58. Nd4 Bxa4 59. Ne6 Rf5 60.
Ng7 Rg5+ 61. Kh4 Rg4+ 62. Kh3 Bd7 63. Kh2 h4 64. Nh5 Be6 65. Nf6 Rf4 66. Rh5+
Ka4 67. Nd5 Rd4 68. Ne3 Rd2+ 69. Kg1 h3 70. Rh6 Bd7 71. Nc4 Rg2+ 72. Kh1 Kb4 73.
Ne3 Re2 74. Nd5+ Kc5 75. Nf4 Rd2 76. Nxh3 Bc6+ 77. Kg1 Rg2+ 78. Kf1 Rh2 79. Rh5+
Kd4 80. Nf4 Ra2 81. Ne2+ Ke3 82. Re5+ Be4 83. Rxe4+ 1/2-1/2

[Event "European Rapid 2017"]
[Site "Katowice POL"]
[Date "2017.12.16"]
[Round "3.15"]
[White "Potkin, Vladimir"]
[Black "Pavlidou, Ekaterini"]
[Result "1-0"]
[WhiteTitle "GM"]
[BlackTitle "WIM"]
[WhiteElo "2574"]
[BlackElo "2196"]
[WhiteFideId "4131061"]
[BlackFideId "4213262"]
[EventDate "2017.12.16"]

1. c4 c5 2. Nf3 Nc6 3. Nc3 g6 4. e3 Bg7 5. d4 d6 6. Be2 Nf6 7. d5 Nb8 8. e4 Nbd7
9. O-O O-O 10. h3 a6 11. a4 Ne8 12. Bg5 h6 13. Be3 Rb8 14. Qd2 Kh7 15. Rfe1 e5
16. dxe6 fxe6 17. Rad1 e5 18. Nd5 Ndf6 19. Nxf6+ Qxf6 20. b4 b6 21. a5 cxb4 22.
Qxb4 Bb7 23. axb6 Bxe4 24. Nd2 Bb7 25. Nb3 h5 26. Na5 Bh6 27. Nxb7 Bxe3 28. fxe3
Qf2+ 29. Kh1 Rxb7 30. c5 dxc5 31. Qxc5 Rbf7 32. Bc4 Rf5 33. b7 Ng7 34. Rf1 Qb2
35. Rxf5 Rxf5 36. Qc8 1-0

[Event "European Rapid 2017"]
[Site "Katowice POL"]
[Date "2017.12.16"]
[Round "3.16"]
[White "Mayans, Calvo, Mariano"]
[Black "Rodshtein, Maxim"]
[Result "0-1"]
[BlackTitle "GM"]
[WhiteElo "2233"]
[BlackElo "2699"]
[WhiteFideId "2251426"]
[BlackFideId "2806851"]
[EventDate "2017.12.16"]

1. c4 c5 2. Nf3 Nf6 3. g3 Nc6 4. d4 cxd4 5. Nxd4 e5 6. Nc2 d5 7. cxd5 Nxd5 8.
Bg2 Be6 9. O-O Bc5 10. Nd2 O-O 11. Ne4 Be7 12. Ne3 Nb6 13. Nc3 Rc8 14. f4 exf4
15. gxf4 f5 16. Kh1 Qe8 17. Ned5 Nxd5 18. Nxd5 Rd8 19. Nxe7+ Qxe7 20. Qa4 Bd5
21. Bxd5+ Rxd5 22. Qc4 Qe6 23. Be3 Re8 24. Rf3 0-1

[Event "European Rapid 2017"]
[Site "Katowice POL"]
[Date "2017.12.16"]
[Round "3.17"]
[White "Miton, Kamil"]
[Black "Tokranovs, Dmitrijs"]
[Result "1/2-1/2"]
[WhiteTitle "GM"]
[BlackTitle "FM"]
[WhiteElo "2584"]
[BlackElo "2348"]
[WhiteFideId "1111914"]
[BlackFideId "11603011"]
[EventDate "2017.12.16"]

1. d4 Nf6 2. c4 c5 3. Nf3 e6 4. Nc3 cxd4 5. Nxd4 d5 6. e3 Be7 7. Be2 O-O 8. O-O
dxc4 9. Bxc4 a6 10. a4 Bd7 11. e4 Qc7 12. Qe2 Nc6 13. Nc2 Rac8 14. Ba2 Nb4 15.
Nxb4 Bxb4 16. Bd2 Bc6 17. e5 Bxc3 18. Bxc3 Nd5 19. Bxd5 Bxd5 20. Rfd1 Qc4 21.
Qe3 Qe4 22. Qxe4 Bxe4 23. Rd4 Bd5 24. a5 Rc6 25. f3 Rfc8 26. Kf2 Rc4 27. Rad1
Rxd4 28. Rxd4 Rc4 1/2-1/2

[Event "European Rapid 2017"]
[Site "Katowice POL"]
[Date "2017.12.16"]
[Round "3.18"]
[White "Barski, Radoslaw"]
[Black "Brunello, Sabino"]
[Result "0-1"]
[WhiteTitle "IM"]
[BlackTitle "GM"]
[WhiteElo "2452"]
[BlackElo "2553"]
[WhiteFideId "1131710"]
[BlackFideId "813613"]
[EventDate "2017.12.16"]

1. e4 e5 2. Nf3 Nc6 3. Bb5 a6 4. Ba4 Nf6 5. O-O Be7 6. Re1 b5 7. Bb3 d6 8. c3
O-O 9. h3 Nb8 10. d4 Nbd7 11. Nbd2 Bb7 12. Bc2 Re8 13. Nf1 Bf8 14. Ng3 g6 15.
Bg5 c5 16. d5 c4 17. a4 Nc5 18. b4 cxb3 19. Bxb3 Be7 20. Bh6 Nfd7 21. Be3 Qc7
22. Qb1 bxa4 23. Bxa4 Reb8 24. Qa2 Nb6 25. Bc2 a5 26. Nd2 Bc8 27. Reb1 Bd7 28.
Qa3 Nba4 29. Ne2 Rxb1+ 30. Rxb1 Rb8 31. Rxb8+ Qxb8 32. Nb3 Qb5 33. Nec1 Kg7 34.
Nd2 Qb2 35. Bxc5 Qxc2 36. Be3 Nxc3 37. Nc4 Nb5 38. Qb3 Qxb3 39. Nxb3 a4 40. Nba5
f5 41. Nc6 Bf8 42. Nb6 a3 43. Bc1 Be8 44. Nc4 a2 45. Bb2 fxe4 46. Nb4 Bf7 47.
Ne3 Nc7 48. Kf1 Be7 49. Ke2 Kf8 50. Kd1 Bg5 51. Kc2 Bxe3 52. fxe3 Bxd5 0-1

[Event "European Rapid 2017"]
[Site "Katowice POL"]
[Date "2017.12.16"]
[Round "3.19"]
[White "Chigaev, Maksim"]
[Black "Cherepov, Alexej"]
[Result "1-0"]
[WhiteTitle "GM"]
[WhiteElo "2555"]
[BlackElo "2156"]
[WhiteFideId "4108116"]
[BlackFideId "13503650"]
[EventDate "2017.12.16"]

1. e4 Nf6 2. e5 Nd5 3. d4 d6 4. Nf3 Bg4 5. Be2 c6 6. O-O Bxf3 7. Bxf3 dxe5 8.
dxe5 e6 9. Qe2 Nd7 10. g3 Qc7 11. Re1 Bc5 12. c3 a5 13. a4 Ne7 14. Nd2 Ng6 15.
Nc4 O-O 16. Bg2 h6 17. Kh1 Rfd8 18. f4 Be7 19. f5 exf5 20. e6 Nde5 21. exf7+
Nxf7 22. Qe6 Bf6 23. Qxf5 Re8 24. Rf1 Ne7 25. Qg4 Qc8 26. Qxc8 Nxc8 27. Bf4 Ra6
28. Rfe1 Rxe1+ 29. Rxe1 Kf8 30. Bh3 Nb6 31. Bd6+ Nxd6 32. Nxd6 Be7 33. Rf1+ Bf6
34. b3 Ra7 35. c4 Ke7 36. c5 Ra8 37. Nf5+ 1-0

[Event "European Rapid 2017"]
[Site "Katowice POL"]
[Date "2017.12.16"]
[Round "3.20"]
[White "Horton, Andrew P"]
[Black "Ragger, Markus"]
[Result "0-1"]
[WhiteTitle "FM"]
[BlackTitle "GM"]
[WhiteElo "2397"]
[BlackElo "2657"]
[WhiteFideId "424269"]
[BlackFideId "1610856"]
[EventDate "2017.12.16"]

1. Nf3 Nf6 2. c4 e6 3. g3 d5 4. Bg2 dxc4 5. Qa4+ Bd7 6. Qxc4 c5 7. Ne5 Qc8 8.
O-O Nc6 9. Nxd7 Qxd7 10. Qa4 Rc8 11. Nc3 Be7 12. d3 O-O 13. Bd2 Rfd8 14. Rfd1 b6
15. Rac1 h6 16. h3 Nd5 17. Kf1 Bf6 18. Nxd5 exd5 19. Bc3 Bg5 20. Bd2 Bf6 21. Bc3
Qe6 22. Bxf6 Qxf6 23. Rd2 a5 24. Kg1 Nd4 25. e3 Nf3+ 26. Bxf3 Qxf3 27. Qf4 Qh5
28. Qg4 Qxg4 29. hxg4 Kf8 30. Kg2 Ke7 31. Kf3 b5 32. b3 Kd6 33. Rdc2 Rc7 34. Ke2
Ra8 35. Kd2 Raa7 36. Rb2 b4 37. Rbc2 a4 38. d4 axb3 39. dxc5+ Kc6 40. axb3 Ra3
41. Rb2 Kb5 42. Ke2 Rxc5 43. Rxc5+ Kxc5 44. Rc2+ Kd6 45. Rb2 Ke5 46. f4+ Kd6 47.
Kf3 Ra1 48. Rd2 Rb1 49. Rd3 Kc5 50. Kf2 Rb2+ 51. Kf3 Rc2 52. e4 d4 53. e5 Kd5
54. g5 hxg5 55. fxg5 Rc3 56. Ke2 Rxd3 57. Kxd3 Kxe5 58. g4 0-1

[Event "European Rapid 2017"]
[Site "Katowice POL"]
[Date "2017.12.16"]
[Round "3.21"]
[White "Neiksans, Arturs"]
[Black "Narva, Mai"]
[Result "1-0"]
[WhiteTitle "GM"]
[BlackTitle "WIM"]
[WhiteElo "2590"]
[BlackElo "2211"]
[WhiteFideId "11601388"]
[BlackFideId "4500512"]
[EventDate "2017.12.16"]

1. b3 e5 2. Bb2 Nc6 3. e3 Nf6 4. Bb5 d6 5. Ne2 Bd7 6. f4 a6 7. Bxc6 Bxc6 8. O-O
Be7 9. Ng3 Qd7 10. fxe5 dxe5 11. Nf5 g6 12. Nxe7 Qxe7 13. d3 O-O-O 14. Nd2 Nd5
15. Nc4 f6 16. e4 Nf4 17. Qf3 Qe6 18. d4 Bb5 19. d5 Qe7 20. Ba3 Qd7 21. Bc1 g5
22. a4 Bxc4 23. bxc4 f5 24. Bd2 Rhf8 25. Kh1 h5 26. exf5 Qxf5 27. Bb4 g4 28. Qf2
Rg8 29. Rae1 h4 30. Qa7 Qxc2 31. Rxf4 Rg7 32. Rf2 Qxc4 33. Qa8+ Kd7 34. Qxb7 h3
35. Rd2 hxg2+ 36. Kg1 Rg6 37. d6 Ke6 38. Qxc7 Qxb4 39. Qe7+ Kf5 40. Qxe5# 1-0

[Event "European Rapid 2017"]
[Site "Katowice POL"]
[Date "2017.12.16"]
[Round "3.22"]
[White "Kastelic, Marian"]
[Black "Buhmann, Rainer"]
[Result "0-1"]
[WhiteTitle "FM"]
[BlackTitle "GM"]
[WhiteElo "2255"]
[BlackElo "2584"]
[WhiteFideId "14602245"]
[BlackFideId "4651340"]
[EventDate "2017.12.16"]

1. d4 d5 2. Nf3 Nf6 3. b3 Bf5 4. Bb2 e6 5. e3 Bd6 6. Bd3 Nbd7 7. Qe2 O-O 8. Nbd2
Qe7 9. O-O Ne4 10. Ne5 Nxd2 11. Qxd2 Bxd3 12. Qxd3 Nf6 13. Rfd1 c6 14. c4 Rad8
15. Qe2 Rfe8 16. Ng4 Nd7 17. Ne5 Nf8 18. e4 Bxe5 19. dxe5 dxc4 20. Qxc4 Rxd1+
21. Rxd1 Rd8 22. Rxd8 Qxd8 23. Bd4 h5 24. g3 Ng6 25. h4 Qa5 26. Qe2 Qb4 27. Bb2
a5 28. Kg2 a4 29. bxa4 Qxa4 30. a3 Qb3 31. f4 Ne7 32. Qd2 Kh7 33. Bd4 Qc4 34.
Qe3 Ng8 35. f5 Nh6 36. f6 Ng4 37. Qd2 c5 0-1

[Event "European Rapid 2017"]
[Site "Katowice POL"]
[Date "2017.12.16"]
[Round "3.23"]
[White "Piorun, Kacper"]
[Black "Roesemann, Rainer"]
[Result "1-0"]
[WhiteTitle "GM"]
[BlackTitle "FM"]
[WhiteElo "2651"]
[BlackElo "2255"]
[WhiteFideId "1130420"]
[BlackFideId "4610296"]
[EventDate "2017.12.16"]

1. e4 c6 2. d4 d5 3. exd5 cxd5 4. c3 Nc6 5. Bd3 Qc7 6. Ne2 Bg4 7. O-O Nf6 8. Qe1
Bxe2 9. Qxe2 e6 10. Nd2 Bd6 11. Nf3 O-O 12. Bg5 Bf4 13. Rae1 Bxg5 14. Nxg5 h6
15. Nh3 a6 16. f4 Rfe8 17. g4 g6 18. Kh1 h5 19. gxh5 Nxh5 20. Qg4 Ne7 21. Rg1
Ng7 22. Ng5 Nef5 23. Qh3 Nh5 24. Qxh5 Ng3+ 25. Rxg3 gxh5 26. Nxe6+ Kh8 27. Nxc7
Rxe1+ 28. Rg1 Rxg1+ 29. Kxg1 Rd8 30. Bf5 Kg7 31. Bh3 Kf6 32. Kf2 Ke7 33. Bg2 Kd6
34. Nxd5 b5 35. Ne3 a5 36. c4 bxc4 37. Nxc4+ Kc7 38. d5 Rb8 39. d6+ Kd8 40. Ke3
a4 41. Kd4 Rb5 42. Bc6 Rf5 43. Ke4 Rc5 44. Ne5 1-0

[Event "European Rapid 2017"]
[Site "Katowice POL"]
[Date "2017.12.16"]
[Round "3.24"]
[White "Paszewski, Mateusz"]
[Black "Andriasian, Zaven"]
[Result "0-1"]
[WhiteTitle "FM"]
[BlackTitle "GM"]
[WhiteElo "2307"]
[BlackElo "2585"]
[WhiteFideId "1141058"]
[BlackFideId "13302000"]
[EventDate "2017.12.16"]

1. e4 c5 2. Nf3 d6 3. Bb5+ Nc6 4. O-O Bd7 5. Re1 Nf6 6. c3 a6 7. Bf1 Bg4 8. d4
cxd4 9. cxd4 e5 10. d5 Nd4 11. Be3 Nxf3+ 12. gxf3 Bd7 13. Nd2 Be7 14. Nc4 O-O
15. f4 exf4 16. Bxf4 Bb5 17. Ne3 Bxf1 18. Kxf1 g6 19. Qf3 Nh5 20. Bh6 Re8 21.
Rac1 Bf6 22. Rc2 a5 23. Kg2 a4 24. Kh1 Bg5 25. Bxg5 Qxg5 26. Rc7 Qf4 27. Qxf4
Nxf4 28. Ng4 Kg7 29. Rxb7 h5 30. Ne3 Rxe4 31. Rc1 Nd3 32. Rcc7 Rf4 33. Nd1 Ra5
34. Rc3 Rxd5 35. Rc2 Ne1 36. Rc1 Rd2 37. Rbc7 Nd3 38. R7c2 Nxf2+ 39. Nxf2 Rfxf2
40. Rxd2 Rxd2 41. Rc4 Rxb2 42. Rxa4 Kf6 43. Ra7 d5 44. a4 d4 45. Rd7 Rb4 46. a5
Ra4 47. a6 Rxa6 48. Rxd4 Ra2 49. Rb4 Kg5 50. Kg1 h4 51. h3 f5 52. Rc4 Re2 53.
Ra4 Re4 54. Ra6 Re2 55. Ra4 f4 56. Ra5+ Kf6 57. Ra4 Kf5 58. Ra6 f3 59. Ra4 g5
60. Rb4 Re4 61. Rb5+ Kf4 62. Kf2 Re2+ 63. Kg1 g4 64. Rb4+ Re4 65. Rb8 Kg3 0-1

[Event "European Rapid 2017"]
[Site "Katowice POL"]
[Date "2017.12.16"]
[Round "3.25"]
[White "Fressinet, Laurent"]
[Black "Kowalczyk, Rafal"]
[Result "1-0"]
[WhiteTitle "GM"]
[WhiteElo "2662"]
[BlackElo "2223"]
[WhiteFideId "608742"]
[BlackFideId "1133853"]
[EventDate "2017.12.16"]

1. e4 e5 2. Nf3 Nc6 3. Bc4 Bc5 4. c3 Nf6 5. d3 d6 6. O-O a6 7. a4 Ba7 8. Re1 O-O
9. h3 h6 10. Nbd2 Re8 11. b4 Nh5 12. Nf1 Qf6 13. Ne3 Nf4 14. Ng4 Qg6 15. Bxf4
exf4 16. d4 h5 17. Ngh2 Bd7 18. Nh4 Qh6 19. Qb3 Qf6 20. Nf5 Bxf5 21. exf5 Qxf5
22. Nf3 Ne7 23. Qd1 Qf6 24. Qe2 Kf8 25. Qe4 Nc6 26. Qh7 Qh6 27. Qf5 Qf6 28. Qxh5
g6 29. Qh6+ Qg7 30. Qxf4 Rxe1+ 31. Rxe1 Re8 32. Rxe8+ Kxe8 33. Bd5 f6 34. Qe4+
Kd7 35. b5 axb5 36. axb5 Nd8 37. Bxb7 f5 38. Bc6+ Kc8 39. Qe8 Qf7 40. Qxf7 Nxf7
41. Be8 Nh8 42. Nh4 1-0

[Event "European Rapid 2017"]
[Site "Katowice POL"]
[Date "2017.12.16"]
[Round "3.26"]
[White "Kovalev, Vladislav"]
[Black "Sgircea, Silvia-Raluca"]
[Result "1-0"]
[WhiteTitle "GM"]
[BlackTitle "WIM"]
[WhiteElo "2639"]
[BlackElo "2193"]
[WhiteFideId "13504398"]
[BlackFideId "1213776"]
[EventDate "2017.12.16"]

1. d4 d5 2. Bf4 Nf6 3. e3 e6 4. Nd2 Bd6 5. Bg3 O-O 6. Ngf3 b6 7. Ne5 Bb7 8. Bd3
Nbd7 9. f4 c5 10. c3 Rc8 11. Qf3 Qc7 12. Bf2 Rfe8 13. g4 Nf8 14. g5 N6d7 15. h4
a6 16. h5 Bxe5 17. fxe5 b5 18. a3 b4 19. axb4 cxb4 20. cxb4 Qb6 21. b5 axb5 22.
g6 f5 23. exf6 Nxf6 24. h6 hxg6 25. hxg7 Kxg7 26. Bh4 e5 27. O-O N8d7 28. Qg2 e4
29. Be2 Rc2 30. Bd1 Rxb2 31. Rf2 Ra8 32. Rxa8 Bxa8 33. Qg5 Qe6 34. Rg2 Nf8 35.
Qxf6+ Qxf6 36. Bxf6+ Kxf6 37. Nxe4+ dxe4 38. Rxb2 Bc6 39. Be2 Ne6 40. Bxb5 Bd5
41. Kf2 Ng7 42. Bd7 Ke7 43. Bg4 Ne8 44. Rb6 Nd6 45. Be2 Be6 46. Kg3 g5 47. Bg4
Bf7 48. Kf2 Bd5 49. Ra6 Bf7 50. Rc6 Be8 51. Rc5 Kf6 52. Rd5 Nc4 53. Be2 Nb2 54.
Rd6+ Ke7 55. Rb6 Nd3+ 56. Kg3 Nc1 57. Bc4 Bd7 58. Rg6 g4 59. Rb6 Nd3 60. Rb3 Bf5
61. Rb7+ Kf6 62. Rb6+ Ke7 63. Kh4 Ne1 64. Rb7+ Kf6 65. Rb6+ Ke7 66. Kg5 Bd7 67.
Kf4 Kf8 68. Rb1 Ng2+ 69. Kxe4 Nh4 70. Ke5 g3 71. Bd5 g2 72. Kf6 1-0

[Event "European Rapid 2017"]
[Site "Katowice POL"]
[Date "2017.12.16"]
[Round "3.27"]
[White "Fudalej, Michal"]
[Black "Plat, Vojtech"]
[Result "0-1"]
[WhiteTitle "FM"]
[BlackTitle "GM"]
[WhiteElo "2209"]
[BlackElo "2567"]
[WhiteFideId "1118781"]
[BlackFideId "325740"]
[EventDate "2017.12.16"]

1. Nf3 Nf6 2. g3 d5 3. Bg2 g6 4. c4 Bg7 5. O-O O-O 6. cxd5 Nxd5 7. d4 Nb6 8. Nc3
Nc6 9. e3 e5 10. Nxe5 Nxe5 11. dxe5 Bxe5 12. e4 Be6 13. Qc2 c6 14. Rd1 Qe7 15.
b3 Bg4 16. Re1 Rfd8 17. Bb2 Qd6 18. h3 Qd2 19. Rac1 Be6 20. Red1 Qxc2 21. Rxc2
Rxd1+ 22. Nxd1 Bxb2 23. Rxb2 a5 24. f4 Rd8 25. Ne3 f6 26. Kf2 Rd4 27. g4 Kf8 28.
Ke2 Ke7 29. Bf3 Nd7 30. Nc2 Rd6 31. Ke3 g5 32. fxg5 fxg5 33. Nd4 Ne5 34. Be2 Bd7
35. Rd2 Rh6 36. Bf1 b5 37. Nf5+ Bxf5 38. exf5 Rd6 39. Rxd6 Kxd6 40. Ke4 Nd7 41.
Kd4 Nf6 42. Bg2 h5 43. Bf3 hxg4 44. hxg4 Nd7 45. Be2 Ne5 46. Ke4 b4 47. Kd4 Nd7
48. Ke4 Nf6+ 49. Kd4 Nd5 50. Bc4 c5+ 51. Kd3 Nf6 0-1

[Event "European Rapid 2017"]
[Site "Katowice POL"]
[Date "2017.12.16"]
[Round "3.28"]
[White "Fedorov, Alexei"]
[Black "Darmarakis, Mihail"]
[Result "0-1"]
[WhiteTitle "GM"]
[WhiteElo "2573"]
[BlackElo "2213"]
[WhiteFideId "13500465"]
[BlackFideId "4203720"]
[EventDate "2017.12.16"]

1. e4 c5 2. d3 Nc6 3. f4 g6 4. Nf3 Bg7 5. Be2 d6 6. O-O e6 7. c3 Nge7 8. Be3 O-O
9. d4 cxd4 10. cxd4 f5 11. e5 Nd5 12. Qd2 dxe5 13. dxe5 Nxe3 14. Qxe3 Nb4 15.
Na3 Nd5 16. Qd4 Bd7 17. Nc4 Qe7 18. Ne3 Bc6 19. Nxd5 Bxd5 20. Bc4 Rfd8 21. Bxd5
Rxd5 22. Qe3 Qd7 23. Rac1 Bf8 24. h4 b6 25. Kh2 Rd8 26. a3 Bc5 27. Qe1 Rd3 28.
Qg3 Be3 29. Rc2 Qa4 30. Ne1 Bg1+ 31. Rxg1 Rxg3 32. Kxg3 Rd3+ 0-1

[Event "European Rapid 2017"]
[Site "Katowice POL"]
[Date "2017.12.16"]
[Round "3.29"]
[White "Kratochvil, Karel"]
[Black "Moranda, Wojciech"]
[Result "0-1"]
[BlackTitle "GM"]
[WhiteElo "2175"]
[BlackElo "2593"]
[WhiteFideId "325546"]
[BlackFideId "1122401"]
[EventDate "2017.12.16"]

1. e4 c5 2. c3 d5 3. exd5 Qxd5 4. d4 Nf6 5. Nf3 e6 6. Be2 Be7 7. O-O O-O 8. Be3
cxd4 9. Nxd4 a6 10. c4 Qa5 11. Nc3 Nbd7 12. a3 Qc7 13. Rc1 Rd8 14. Qc2 b6 15.
Bf3 Bb7 16. Bxb7 Qxb7 17. b4 a5 18. Qb3 axb4 19. axb4 Ne5 20. Ncb5 Rac8 21. c5
bxc5 22. bxc5 Ne4 23. Nxe6 fxe6 24. Qxe6+ Nf7 25. c6 Qxb5 26. Qxe4 Ba3 27. Rc3
Bd6 28. Bd4 Qa4 29. g3 Be5 30. c7 Rxd4 31. Qf5 Qd7 0-1

[Event "European Rapid 2017"]
[Site "Katowice POL"]
[Date "2017.12.16"]
[Round "3.30"]
[White "Muter, Donny"]
[Black "Dvirnyy, Danyyil"]
[Result "0-1"]
[BlackTitle "GM"]
[WhiteElo "2206"]
[BlackElo "2532"]
[WhiteFideId "409170"]
[BlackFideId "817570"]
[EventDate "2017.12.16"]

1. d4 Nf6 2. Nf3 g6 3. Bg5 Bg7 4. Nbd2 O-O 5. c3 d6 6. e4 c5 7. dxc5 dxc5 8. Bc4
Qc7 9. Qe2 h6 10. Bh4 Nh5 11. O-O Nc6 12. Bg3 Nxg3 13. hxg3 Na5 14. Bd3 Be6 15.
Nc4 Nc6 16. Ne3 Rad8 17. Rfd1 a6 18. Bc4 Bxc4 19. Qxc4 Na5 20. Qe2 e6 21. Rxd8
Rxd8 22. Rd1 b5 23. Rxd8+ Qxd8 24. Qd2 Qc7 25. e5 g5 26. Ng4 Nc4 27. Qe2 h5 28.
Nf6+ Bxf6 29. exf6 g4 30. Nd2 Qe5 31. Qd3 Qd6 32. Qxd6 Nxd6 33. Nb3 c4 34. Nc5
a5 35. f3 Kh7 36. Kf2 Kg6 37. Nd7 Kf5 38. b3 cxb3 39. axb3 a4 40. bxa4 bxa4 41.
Nc5 a3 42. Ke3 a2 43. Nb3 e5 44. Kd3 gxf3 45. gxf3 e4+ 46. fxe4+ Nxe4 47. Na1
Nxg3 48. c4 Ne4 49. Kd4 h4 50. c5 Nxc5 0-1

[Event "European Rapid 2017"]
[Site "Katowice POL"]
[Date "2017.12.16"]
[Round "3.31"]
[White "Varvadoukas, Theodoros"]
[Black "Tari, Aryan"]
[Result "0-1"]
[BlackTitle "GM"]
[WhiteElo "2178"]
[BlackElo "2593"]
[WhiteFideId "4210735"]
[BlackFideId "1510045"]
[EventDate "2017.12.16"]

1. e3 g6 2. d4 f5 3. h4 Nf6 4. h5 g5 5. h6 Rg8 6. c4 d6 7. Nc3 Nc6 8. b4 e5 9.
b5 Ne7 10. dxe5 dxe5 11. Qb3 Be6 12. Ba3 Ng6 13. Rd1 Nd7 14. Be2 g4 15. Rh5 Bxa3
16. Qxa3 Qe7 17. Qb2 O-O-O 18. g3 Nb6 19. Nd5 Qc5 20. Nxb6+ axb6 21. Bd3 e4 22.
Bf1 Rxd1+ 23. Kxd1 Rd8+ 24. Ke1 Ne5 0-1

[Event "European Rapid 2017"]
[Site "Katowice POL"]
[Date "2017.12.16"]
[Round "3.32"]
[White "Mulet, Piotr"]
[Black "Dziuba, Marcin"]
[Result "0-1"]
[WhiteTitle "FM"]
[BlackTitle "GM"]
[WhiteElo "2247"]
[BlackElo "2584"]
[WhiteFideId "1106244"]
[BlackFideId "1112953"]
[EventDate "2017.12.16"]

1. e4 c5 2. c3 Nf6 3. e5 Nd5 4. d4 cxd4 5. cxd4 e6 6. Nc3 Nxc3 7. bxc3 d6 8. f4
Be7 9. Nf3 Qc7 10. Bd2 b6 11. Bd3 Bb7 12. O-O g6 13. exd6 Bxd6 14. Ne5 Nc6 15.
a4 Rc8 16. Qg4 f5 17. Qh3 Nxe5 18. fxe5 Be7 19. Bb5+ Bc6 20. Qh6 Kf7 21. Bd3 Qd7
22. a5 b5 23. Rae1 Rcg8 24. Bg5 a6 25. Bxe7 Qxe7 26. c4 bxc4 27. Bxc4 Rd8 28.
Rd1 Bd5 29. Bxd5 Rxd5 30. Rf2 Qf8 31. Qh4 Qd8 32. Qf4 Re8 33. Qh6 Kg8 34. Qf4
Qxa5 35. h4 Red8 36. h5 Rxd4 37. Rxd4 Qa1+ 38. Kh2 Qxd4 39. Qg5 Rf8 40. hxg6
Qxe5+ 41. Rf4 Rf6 42. gxh7+ Kxh7 43. Kg1 Qc5+ 44. Kf1 Rg6 45. Qh4+ Kg7 46. Rc4
Qd6 47. Rd4 Qc7 48. Rc4 Qb7 49. Qd4+ Kf7 50. Rc2 Qb1+ 0-1

[Event "European Rapid 2017"]
[Site "Katowice POL"]
[Date "2017.12.16"]
[Round "3.33"]
[White "Pavlidis, Antonios"]
[Black "Zaksaite, Salomeja"]
[Result "1-0"]
[WhiteTitle "GM"]
[BlackTitle "WIM"]
[WhiteElo "2539"]
[BlackElo "2278"]
[WhiteFideId "4212312"]
[BlackFideId "12801496"]
[EventDate "2017.12.16"]

1. e4 c5 2. Nf3 e6 3. d4 cxd4 4. Nxd4 Nf6 5. Nc3 Nc6 6. Be2 Bb4 7. O-O Bxc3 8.
bxc3 Nxe4 9. Qd3 d5 10. Ba3 Qa5 11. Nb5 a6 12. Nd6+ Nxd6 13. Bxd6 Qd8 14. Qg3
Qf6 15. Bd3 e5 16. Bxe5 Nxe5 17. Rfe1 O-O 18. Rxe5 Be6 19. Rae1 Rac8 20. f4 Rc6
21. a4 g6 22. f5 Bc8 23. fxg6 fxg6 24. Rf1 Qd6 25. Rxf8+ Kxf8 26. h4 d4 27. Qf4+
Qf6 28. Qh6+ Qg7 29. Re8+ Kxe8 30. Qxg7 dxc3 31. Qxh7 1-0